[Event "ROM-ch U14"]
[Site "Mamaia"]
[Date "2021.04.09"]
[Round "3"]
[White "Calota, Rares Stefan"]
[Black "Lup, Constantin Ionel"]
[Result "1-0"]
[WhiteElo "1407"]
[BlackElo "1861"]
[PlyCount "92"]
[EventDate "2021.04.07"]
[EventType "swiss"]
[EventRounds "9"]
[EventCountry "ROU"]
[SourceTitle "EXT 2022"]
[Source "ChessBase"]
[SourceDate "2021.10.06"]
[SourceVersion "1"]
[SourceVersionDate "2021.10.06"]
[SourceQuality "1"]

1. d4 g6 2. c4 Bg7 3. Nc3 d6 4. e4 Nd7 5. Be3 e5 6. d5 Ne7 7. f3 f5 8. Qd2 f4 9. Bf2 g5 10. Nge2 Nf6 11. Nc1 h5 12. h3 Ng6 13. Nb3 b6 14. 0-0-0 Bd7 15. Kb1 Kf7 16. Be2 g4 17. hxg4 hxg4 18. g3 fxg3 19. Bxg3 Bh6 20. Rxh6 Rxh6 21. Qxh6 Qh8 22. Qxh8 Rxh8 23. fxg4 Bxg4 24. Bxg4 Nxg4 25. Nb5 Rh3 26. Rg1 Ne3 27. Nd2 Nf4 28. Bxf4 exf4 29. Nd4 Rh2 30. N2f3 Rf2 31. Ng5+ Kf6 32. Nh3 Rd2 33. Nf3 Re2 34. Re1 Rxe1+ 35. Nxe1 Nxc4 36. Nxf4 Nd2+ 37. Kc2 Nxe4 38. Ned3 Nc5 39. b4 Nxd3 40. Kxd3 Ke5 41. Ke3 b5 42. a3 a6 43. Ne6 Kxd5 44. Nxc7+ Kc4 45. Nxa6 Kb3 46. Kd4 Kxa3 1-0

[Event "ROM-ch U14"]
[Site "Mamaia"]
[Date "2021.04.07"]
[Round "1"]
[White "Calota, Rares Stefan"]
[Black "Ciocani, Iosif"]
[Result "0-1"]
[WhiteElo "1407"]
[BlackElo "1910"]
[PlyCount "58"]
[EventDate "2021.04.07"]
[EventType "swiss"]
[EventRounds "9"]
[EventCountry "ROU"]
[SourceTitle "EXT 2022"]
[Source "ChessBase"]
[SourceDate "2021.10.06"]
[SourceVersion "1"]
[SourceVersionDate "2021.10.06"]
[SourceQuality "1"]

1. d4 Nf6 2. c4 g6 3. Nc3 d5 4. cxd5 Nxd5 5. e4 Nxc3 6. bxc3 Bg7 7. h3 c5 8. Nf3 0-0 9. Bc4 Nc6 10. Bb2 Qb6 11. Qd2 cxd4 12. cxd4 Rd8 13. Rd1 Na5 14. Be2 Be6 15. Bc3 Nc4 16. Bxc4 Bxc4 17. Ba5 Qa6 18. Bxd8 Rxd8 19. Qc2 b5 20. e5 f6 21. Rc1 Bh6 22. Rd1 Qa5+ 23. Nd2 Rxd4 24. exf6 Rd6 25. f3 Re6+ 26. Kf2 Qb6+ 27. Kg3 Qd6+ 28. Kh4 Qf4+ 29. g4 Bg5# 0-1

[Event "FISCA Online op"]
[Site "Chess.com INT"]
[Date "2020.06.22"]
[Round "4"]
[White "Calota, Rares Stefan"]
[Black "Nimay, Tejas Mavani"]
[Result "0-1"]
[WhiteElo "1357"]
[BlackElo "1019"]
[PlyCount "72"]
[EventDate "2020.06.19"]
[EventType "swiss"]
[EventRounds "9"]
[EventCountry "ROU"]
[SourceTitle "CBM 197 Extra"]
[Source "ChessBase"]
[SourceDate "2020.09.30"]
[SourceVersion "1"]
[SourceVersionDate "2020.09.30"]
[SourceQuality "1"]

1. d4 d5 2. c4 c6 3. Nc3 Nf6 4. Bg5 e6 5. e3 Nbd7 6. cxd5 exd5 7. Bd3 Bb4 8. Nge2 0-0 9. 0-0 h6 10. Bh4 Qb6 11. f3 Re8 12. Bf2 Bxc3 13. bxc3 c5 14. Qc2 c4 15. Be4 dxe4 16. fxe4 Nxe4 17. Rab1 Qg6 18. Nf4 Qg5 19. h4 Qe7 20. Nd5 Qd6 21. Nf4 Ndf6 22. Rb4 Nxf2 23. Qxf2 Ng4 24. Qf3 Rxe3 25. Qd5 Qxd5 26. Nxd5 Re2 27. Nc7 a5 28. Rxc4 Ne3 29. Nxa8 Nxc4 30. Nc7 Ne3 31. Rf3 b6 32. d5 Bb7 33. d6 Bxf3 34. d7 Rxg2+ 35. Kh1 Rg3+ 36. Kh2 Nf1# 0-1

[Event "FISCA Online op"]
[Site "Chess.com INT"]
[Date "2020.06.21"]
[Round "3"]
[White "Trifoi, Mihaela Ioana"]
[Black "Calota, Rares Stefan"]
[Result "1-0"]
[WhiteElo "1752"]
[BlackElo "1357"]
[PlyCount "109"]
[EventDate "2020.06.19"]
[EventType "swiss"]
[EventRounds "9"]
[EventCountry "ROU"]
[SourceTitle "CBM 197 Extra"]
[Source "ChessBase"]
[SourceDate "2020.09.30"]
[SourceVersion "1"]
[SourceVersionDate "2020.09.30"]
[SourceQuality "1"]

1. e4 c5 2. Nf3 d6 3. Bb5+ Bd7 4. Bxd7+ Nxd7 5. 0-0 Ngf6 6. Re1 e5 7. c3 g6 8. d4 cxd4 9. cxd4 Bg7 10. Nc3 0-0 11. d5 Nh5 12. Be3 f5 13. Ng5 f4 14. Ne6 Qe7 15. Nxf8 Rxf8 16. Bd2 Nhf6 17. Rc1 g5 18. f3 h5 19. h3 Nc5 20. Qe2 Qd7 21. b4 Na6 22. Qb5 Qe7 23. Qc4 g4 24. Re2 gxf3 25. gxf3 Nh7 26. Rh2 Ng5 27. Rf1 Qd7 28. h4 Nh7 29. Kf2 Rc8 30. Qb3 Kh8 31. Rc1 Kg8 32. Ne2 Rxc1 33. Nxc1 Bf6 34. Be1 Qc7 35. Qc3 Qb6+ 36. Kg2 Qd8 37. Kf1 Nf8 38. Nb3 Ng6 39. Rc2 Kg7 40. b5 Nb4 41. Qc7+ Qxc7 42. Rxc7+ Kh6 43. Bxb4 Nxh4 44. Kf2 Ng6 45. Rxb7 h4 46. Kg2 h3+ 47. Kxh3 Nh4 48. Nd2 Nxf3 49. Nxf3 Bh4 50. Kxh4 a5 51. bxa6 Kg6 52. a7 Kf6 53. a8Q Kg6 54. Qg8+ Kf6 55. Qg5# 1-0

[Event "ROM-ch U12"]
[Site "Calimanesti Caciulata"]
[Date "2019.04.18"]
[Round "5"]
[White "Calota, Rares Stefan"]
[Black "Frent, Cristian Ioan"]
[Result "1-0"]
[WhiteElo "1323"]
[BlackElo "1054"]
[PlyCount "31"]
[EventDate "2019.04.15"]
[EventType "swiss"]
[EventRounds "9"]
[EventCountry "ROU"]
[SourceTitle "CBM 190 Extra"]
[Source "ChessBase"]
[SourceDate "2019.07.15"]
[SourceVersion "1"]
[SourceVersionDate "2019.07.15"]
[SourceQuality "1"]

1. d4 Nc6 2. d5 Ne5 3. f4 Ng6 4. Nf3 d6 5. e4 e5 6. Bb5+ Bd7 7. Bxd7+ Qxd7 8. f5 Nf4 9. Bxf4 exf4 10. 0-0 Nf6 11. Nc3 0-0-0 12. b4 Re8 13. Re1 g6 14. Qd4 Bg7 15. Qxa7 Ng4 16. Qa8# 1-0

[Event "ROM-ch U12"]
[Site "Calimanesti Caciulata"]
[Date "2019.04.16"]
[Round "2"]
[White "Ciocani, Iosif"]
[Black "Calota, Rares Stefan"]
[Result "1-0"]
[WhiteElo "1741"]
[BlackElo "1323"]
[PlyCount "85"]
[EventDate "2019.04.15"]
[EventType "swiss"]
[EventRounds "9"]
[EventCountry "ROU"]
[SourceTitle "CBM 190 Extra"]
[Source "ChessBase"]
[SourceDate "2019.07.15"]
[SourceVersion "1"]
[SourceVersionDate "2019.07.15"]
[SourceQuality "1"]

1. e4 e5 2. Nc3 f5 3. Bc4 Nf6 4. d3 Nc6 5. Nf3 Bc5 6. a3 d6 7. 0-0 Qe7 8. Ng5 Bd7 9. Bf7+ Kd8 10. Bc4 Rf8 11. Nd5 Nxd5 12. exd5 Na5 13. Nxh7 f4 14. Nxf8 Qxf8 15. Ba2 Bb6 16. b4 Bd4 17. Rb1 g5 18. bxa5 g4 19. Bb2 Bxb2 20. Rxb2 f3 21. Re1 Ke7 22. Qd2 Qf6 23. d4 b6 24. dxe5 dxe5 25. Qe3 Kd6 26. a4 Rh8 27. Qa3+ c5 28. dxc6+ Kxc6 29. Qc3+ Kb7 30. Bd5+ Kb8 31. Qxe5+ Qxe5 32. Rxe5 fxg2 33. Kxg2 Bxa4 34. axb6 axb6 35. Rxb6+ Kc8 36. Ra6 Bc6 37. Rxc6+ Kd7 38. Rg5 g3 39. Rg7+ Kd8 40. Be6 Rxh2+ 41. Kxg3 Rg2+ 42. Kxg2 Ke8 43. Rc8# 1-0

[Event "ROM-ch U12"]
[Site "Calimanesti Caciulata"]
[Date "2019.04.15"]
[Round "1"]
[White "Calota, Rares Stefan"]
[Black "Cioanca, Iosif"]
[Result "1-0"]
[WhiteElo "1323"]
[BlackElo "1001"]
[PlyCount "57"]
[EventDate "2019.04.15"]
[EventType "swiss"]
[EventRounds "9"]
[EventCountry "ROU"]
[SourceTitle "CBM 190 Extra"]
[Source "ChessBase"]
[SourceDate "2019.07.15"]
[SourceVersion "1"]
[SourceVersionDate "2019.07.15"]
[SourceQuality "1"]

1. e4 e6 2. d4 d5 3. Nc3 c5 4. exd5 exd5 5. dxc5 Bxc5 6. Qxd5 Nd7 7. Bc4 Qe7+ 8. Qe4 Ngf6 9. Qxe7+ Kxe7 10. Nf3 Nb6 11. Bd3 Bd7 12. Bg5 Rhe8 13. 0-0 h6 14. Bxf6+ Kxf6 15. Ne4+ Rxe4 16. Bxe4 Re8 17. Rfe1 Rc8 18. Bxb7 Rc7 19. Be4 Bb4 20. c3 Bd6 21. Nd4 Nc4 22. Rab1 Nd2 23. Rbd1 Nc4 24. Nf3 Ba4 25. b3 Nb2 26. Rxd6+ Ke7 27. Rd2 Rxc3 28. Bc2+ Kf6 29. Rd6# 1-0

[Event "ROM-ch U10"]
[Site "Baile Felix"]
[Date "2017.02.08"]
[Round "8"]
[White "Anusca, David Alexandru"]
[Black "Calota, Rares Stefan"]
[Result "0-1"]
[WhiteElo "1162"]
[BlackElo "1178"]
[PlyCount "89"]
[EventDate "2017.02.02"]
[EventType "swiss"]
[EventRounds "9"]
[EventCountry "ROU"]
[SourceTitle "CBM 176 Extra"]
[Source "ChessBase"]
[SourceDate "2017.03.02"]
[SourceVersion "1"]
[SourceVersionDate "2017.03.02"]
[SourceQuality "1"]

1. e4 e5 2. Nf3 Nc6 3. Nc3 Nf6 4. Bc4 Bc5 5. d3 h6 6. Be3 Bb6 7. Qd2 0-0 8. Nd5 Nxd5 9. Bxd5 d6 10. Bxh6 Qf6 11. Bg5 Qg6 12. 0-0-0 Bg4 13. Rhg1 Qh5 14. Rdf1 Ba5 15. c3 Bxf3 16. gxf3 Nd4 17. Qe3 Nxf3 18. Rg2 Nxg5 19. Qxg5 Qxg5+ 20. Rxg5 c6 21. Bb3 Bd8 22. Rg4 Bb6 23. f4 Be3+ 24. Kd1 exf4 25. Ke2 Rfe8 26. Kf3 Rad8 27. h4 Kf8 28. d4 c5 29. a4 cxd4 30. cxd4 Bxd4 31. Rxf4 f6 32. Bd5 Bxb2 33. Bxb7 Be5 34. Rg4 Rb8 35. Bc6 Rb3+ 36. Kg2 Rc8 37. Bd5 Rc2+ 38. Rf2 Rxf2+ 39. Kxf2 Ra3 40. Bc6 Ra2+ 41. Ke3 Ra3+ 42. Kd2 Kg8 43. Kc2 Rc3+ 44. Kb2 Rxc6+ 45. Ka2 0-1

[Event "ROM-ch U10"]
[Site "Baile Felix"]
[Date "2017.02.06"]
[Round "6"]
[White "Calota, Rares Stefan"]
[Black "Paraschiv, Alexandru Stefan"]
[Result "0-1"]
[WhiteElo "1178"]
[BlackElo "1228"]
[PlyCount "120"]
[EventDate "2017.02.02"]
[EventType "swiss"]
[EventRounds "9"]
[EventCountry "ROU"]
[SourceTitle "CBM 176 Extra"]
[Source "ChessBase"]
[SourceDate "2017.03.02"]
[SourceVersion "1"]
[SourceVersionDate "2017.03.02"]
[SourceQuality "1"]

1. d4 Nf6 2. Nf3 g6 3. e3 Bg7 4. Bd3 0-0 5. Nbd2 d6 6. 0-0 b6 7. b3 Bb7 8. Bb2 Nbd7 9. c4 Re8 10. d5 Bc8 11. Re1 e5 12. dxe6 Rxe6 13. Ng5 Re8 14. Nde4 Bb7 15. Nxf6+ Nxf6 16. e4 Qd7 17. h3 Re7 18. f3 Rae8 19. Qc2 d5 20. Re2 dxe4 21. fxe4 Re6 22. Rae1 R8e7 23. a4 Qe8 24. Qc3 Rd6 25. e5 Rde6 26. Ba3 Nd7 27. Bxe7 Qxe7 28. Nf3 Bxf3 29. gxf3 Bxe5 30. Rxe5 Rxe5 31. Rxe5 Qxe5 32. Qxe5 Nxe5 33. Be4 f5 34. Bd5+ Kg7 35. f4 Nd3 36. Kf1 Nxf4 37. Bg2 Nxg2 38. Kxg2 Kf6 39. Kf3 g5 40. b4 h5 41. c5 bxc5 42. bxc5 Ke5 43. Ke3 g4 44. hxg4 hxg4 45. Kf2 f4 46. Kf1 g3 47. Kg2 Ke4 48. Kf1 f3 49. a5 g2+ 50. Kf2 Kf4 51. c6 Ke4 52. a6 Kf4 53. Kg1 Ke3 54. Kh2 Ke2 55. Kg1 f2+ 56. Kxg2 f1Q+ 57. Kh2 Qf4+ 58. Kh1 Qg4 59. Kh2 Kf2 60. Kh1 Qg1# 0-1

[Event "ROM-ch U10"]
[Site "Baile Felix"]
[Date "2017.02.05"]
[Round "4"]
[White "Calota, Rares Stefan"]
[Black "Revnic, Radu Andrei"]
[Result "1-0"]
[WhiteElo "1178"]
[BlackElo "1191"]
[PlyCount "95"]
[EventDate "2017.02.02"]
[EventType "swiss"]
[EventRounds "9"]
[EventCountry "ROU"]
[SourceTitle "CBM 176 Extra"]
[Source "ChessBase"]
[SourceDate "2017.03.02"]
[SourceVersion "1"]
[SourceVersionDate "2017.03.02"]
[SourceQuality "1"]

1. e4 c5 2. c3 d5 3. exd5 Qxd5 4. d4 Nc6 5. Nf3 Bg4 6. Be2 Nf6 7. h3 Bh5 8. c4 Qd8 9. d5 Nd4 10. Nxd4 cxd4 11. Bxh5 Nxh5 12. Qxh5 g6 13. Qd1 e6 14. Qxd4 f6 15. 0-0 e5 16. Re1 b6 17. Qg4 Qd6 18. Qe6+ Qxe6 19. dxe6 Ke7 20. Nc3 Kxe6 21. Nb5 Ke7 22. Bd2 Kf7 23. a3 a5 24. b4 a4 25. Be3 Rb8 26. Rad1 Ke6 27. Nc7+ Ke7 28. Bxb6 Kf7 29. c5 Be7 30. Nd5 Bd8 31. Bxd8 Rhxd8 32. c6 Rbc8 33. c7 Rd7 34. b5 Ke6 35. b6 h5 36. b7 Rdxc7 37. Nxc7+ Rxc7 38. b8Q Rc6 39. Qe8+ Kf5 40. Qxc6 g5 41. Qc8+ Kg6 42. g4 hxg4 43. hxg4 Kh6 44. Qe8 e4 45. Qh5+ Kg7 46. Rd7+ Kg8 47. Qh7+ Kf8 48. Qh8# 1-0

[Event "ROM-ch U10"]
[Site "Baile Felix"]
[Date "2017.02.05"]
[Round "5"]
[White "Vitan, Matei Gabriel"]
[Black "Calota, Rares Stefan"]
[Result "1/2-1/2"]
[WhiteElo "1159"]
[BlackElo "1178"]
[PlyCount "71"]
[EventDate "2017.02.02"]
[EventType "swiss"]
[EventRounds "9"]
[EventCountry "ROU"]
[SourceTitle "CBM 176 Extra"]
[Source "ChessBase"]
[SourceDate "2017.03.02"]
[SourceVersion "1"]
[SourceVersionDate "2017.03.02"]
[SourceQuality "1"]

1. Nf3 d5 2. c4 Nf6 3. Nc3 e6 4. d4 Be7 5. e3 0-0 6. Bd3 dxc4 7. Bxc4 c5 8. 0-0 cxd4 9. Qxd4 Qxd4 10. Nxd4 e5 11. Ndb5 Nc6 12. Bd2 a6 13. Nc7 Rb8 14. N7d5 Nxd5 15. Nxd5 Rd8 16. Nxe7+ Nxe7 17. Bc3 Nc6 18. Rfd1 Rxd1+ 19. Rxd1 Bf5 20. Bd5 Rd8 21. Bf3 Rxd1+ 22. Bxd1 Be6 23. a3 Bd5 24. a4 f6 25. Bc2 e4 26. Kf1 Kf7 27. g3 g5 28. Kg2 Ke6 29. b4 b5 30. Kf1 Bc4+ 31. Ke1 Kd5 32. Bxf6 g4 33. Kd2 a5 34. bxa5 Nxa5 35. Bd1 Nb3+ 36. Kc3 1/2-1/2

[Event "ROM-ch U10"]
[Site "Baile Felix"]
[Date "2017.02.04"]
[Round "3"]
[White "Ionescu, Mihail"]
[Black "Calota, Rares Stefan"]
[Result "1-0"]
[WhiteElo "1232"]
[BlackElo "1178"]
[PlyCount "35"]
[EventDate "2017.02.02"]
[EventType "swiss"]
[EventRounds "9"]
[EventCountry "ROU"]
[SourceTitle "CBM 176 Extra"]
[Source "ChessBase"]
[SourceDate "2017.03.02"]
[SourceVersion "1"]
[SourceVersionDate "2017.03.02"]
[SourceQuality "1"]

1. e4 e5 2. Nf3 Nc6 3. Nc3 Nf6 4. d4 exd4 5. Nxd4 Nxd4 6. Qxd4 b6 7. Bd3 Bc5 8. Qc4 d6 9. Be3 Bxe3 10. fxe3 Ng4 11. Ke2 0-0 12. Qd5 Be6 13. Qd4 c5 14. Qa4 Bd7 15. Nb5 a6 16. e5 axb5 17. Qe4 c4 18. Qxh7# 1-0

[Event "ROM-ch U10"]
[Site "Baile Felix"]
[Date "2017.02.03"]
[Round "2"]
[White "Calota, Rares Stefan"]
[Black "Militaru, Mihai Gabriel"]
[Result "1-0"]
[WhiteElo "1178"]
[BlackElo "1001"]
[PlyCount "177"]
[EventDate "2017.02.02"]
[EventType "swiss"]
[EventRounds "9"]
[EventCountry "ROU"]
[SourceTitle "CBM 176 Extra"]
[Source "ChessBase"]
[SourceDate "2017.03.02"]
[SourceVersion "1"]
[SourceVersionDate "2017.03.02"]
[SourceQuality "1"]

1. d4 d5 2. c4 dxc4 3. e3 e6 4. Bxc4 Nf6 5. Nf3 Nc6 6. 0-0 Bd6 7. Nc3 h6 8. e4 Qd7 9. e5 Bxe5 10. dxe5 Nh7 11. Qxd7+ Bxd7 12. Nb5 Rc8 13. Be3 a6 14. Na7 Nxa7 15. Bxa7 Ra8 16. Be3 a5 17. Rad1 a4 18. Nd4 Ra5 19. b4 Rxe5 20. Bf4 Re4 21. Bxc7 0-0 22. f3 Rh4 23. Bg3 Rh5 24. Ne2 Bc6 25. Nf4 Rf5 26. b5 Be8 27. Bd3 Rc5 28. Bxh7+ Kxh7 29. Ne2 Rxb5 30. Nd4 Rd5 31. Ne2 Rb5 32. Nc3 Rb2 33. a3 Rb3 34. Ne4 Rxa3 35. Bd6 Rxf3 36. Rxf3 Rg8 37. Bc7 Bc6 38. Nc3 Bxf3 39. gxf3 Rc8 40. Rd7 f6 41. Ne4 f5 42. Nf6+ Kg6 43. Ng4 fxg4 44. fxg4 a3 45. Be5 Rg8 46. Rxb7 Kg5 47. h3 Ra8 48. Rxg7+ Kh4 49. Rh7 a2 50. Rxh6+ Kg5 51. Rh5+ Kg6 52. Rh8 a1Q+ 53. Bxa1 Rxa1+ 54. Kg2 e5 55. Re8 Ra2+ 56. Kg3 Re2 57. Kh4 e4 58. g5 Kf5 59. Kh5 Rh2 60. h4 Kf4 61. g6 Rg2 62. Kh6 e3 63. g7 e2 64. Rxe2 Rxe2 65. g8Q Kf3 66. Qf7+ Kg3 67. Qg6+ Kf2 68. Qh5 Re6+ 69. Qg6 Rxg6+ 70. Kxg6 Kg3 71. h5 Kg4 72. h6 Kf4 73. h7 Ke5 74. h8Q+ Ke6 75. Qf6+ Kd5 76. Qe7 Kc6 77. Qd8 Kb7 78. Kf6 Kc6 79. Ke6 Kc5 80. Qd5+ Kb4 81. Qc6 Ka5 82. Qb7 Ka4 83. Qb6 Ka3 84. Qb5 Ka2 85. Qb4 Ka1 86. Kd5 Ka2 87. Kc4 Ka1 88. Kb3 Kb1 89. Qe1# 1-0

[Event "ROM-ch U08"]
[Site "Calimanesti"]
[Date "2015.04.05"]
[Round "8"]
[White "Calota, Rares Stefan"]
[Black "Gatej, Luca"]
[Result "0-1"]
[WhiteElo "1055"]
[BlackElo "1026"]
[PlyCount "52"]
[EventDate "2015.03.30"]
[EventType "swiss"]
[EventRounds "9"]
[EventCountry "ROU"]
[SourceTitle "CBM 165 Extra"]
[Source "ChessBase"]
[SourceDate "2015.04.21"]
[SourceVersion "1"]
[SourceVersionDate "2015.04.21"]
[SourceQuality "1"]

1. e4 e5 2. Bc4 Nc6 3. Qh5 Qf6 4. Bxf7+ Qxf7 5. Qxf7+ Kxf7 6. Nf3 Nf6 7. Nc3 Nb4 8. Nxe5+ Ke7 9. 0-0 Nxc2 10. Rb1 d6 11. Nd5+ Ke8 12. Nxc7+ Ke7 13. Nxa8 dxe5 14. Nc7 Kf7 15. d3 Bg4 16. Bg5 h6 17. Bxf6 gxf6 18. Nb5 a6 19. Rbc1 Nb4 20. Rc7+ Kg8 21. a3 axb5 22. axb4 Bxb4 23. Rxb7 Bd6 24. Rxb5 Rh7 25. Rb6 Bc5 26. Rb7 Rxb7 0-1

[Event "ROM-ch U08"]
[Site "Calimanesti"]
[Date "2015.04.04"]
[Round "7"]
[White "Calota, Rares Stefan"]
[Black "Antohi, Rares Nicusor"]
[Result "0-1"]
[WhiteElo "1055"]
[BlackElo "1001"]
[PlyCount "56"]
[EventDate "2015.03.30"]
[EventType "swiss"]
[EventRounds "9"]
[EventCountry "ROU"]
[SourceTitle "CBM 165 Extra"]
[Source "ChessBase"]
[SourceDate "2015.04.21"]
[SourceVersion "1"]
[SourceVersionDate "2015.04.21"]
[SourceQuality "1"]

1. e4 e5 2. Nf3 Nc6 3. Bc4 Bc5 4. Nxe5 Nxe5 5. d3 Nxc4 6. dxc4 Nf6 7. Bg5 h6 8. Bh4 0-0 9. 0-0 Re8 10. Nc3 d6 11. Qf3 Qd7 12. Bxf6 gxf6 13. Qxf6 h5 14. Qh6 Qe6 15. Nd5 Qxh6 16. Nxc7 Bd7 17. Nxa8 Rxa8 18. Rfe1 Re8 19. c3 Bc6 20. b4 Rxe4 21. Rxe4 Bxe4 22. bxc5 dxc5 23. Re1 Qg6 24. g3 Bd3 25. Re8+ Kg7 26. Rc8 Bxc4 27. Rb8 Bd5 28. a4 Qb1# 0-1